Markets (Record no. 83505)
[ view plain ]
| 000 -LEADER | |
|---|---|
| fixed length control field | 01173cab a22002055a 4500 |
| 001 - CONTROL NUMBER | |
| control field | L154136 |
| 008 - FIXED-LENGTH DATA ELEMENTS--GENERAL INFORMATION | |
| fixed length control field | 111018e20111014xxk 000 0 eng d |
| 035 ## - SYSTEM CONTROL NUMBER | |
| System control number | (Sirsi) u154136 |
| 041 0# - LANGUAGE CODE | |
| Language code of text/sound track or separate title | eng |
| 100 1# - MAIN ENTRY--PERSONAL NAME | |
| Personal name | Unger, Paul |
| 245 00 - TITLE STATEMENT | |
| Title | Markets |
| Remainder of title | Merseyside |
| 260 ## - PUBLICATION, DISTRIBUTION, ETC. | |
| Date of publication, distribution, etc. | 2011 |
| 490 #0 - SERIES STATEMENT | |
| Series statement | Property Week |
| Volume/sequential designation | 77(41) 14 October 2011, 61-70(5) |
| 520 ## - SUMMARY, ETC. | |
| Summary, etc. | Liverpool Science Park has received grant funding for a 2012 start to its third speculative phase of office and biomedical laboratory space. Developer Langtree will complete St Helen's new £25m rugby league stadium by the end of the month. Liverpool's John Moores University has purchased the 261 255 sq ft former Royal Mail postal depot on Copperas Hill for £2.6m for its own future use. Small unitary authority Halton has been beaten off competition from larger neighbours on a number of fronts. "Liverpool hotel futures" report states that no new budget hotels are needed in Liverpool before 2030. |
| 590 ## - LOCAL NOTE (RLIN) | |
| Local note | KA |
| 650 24 - SUBJECT ADDED ENTRY--TOPICAL TERM | |
| Topical term or geographic name entry element | PROPERTY-COMMERCIAL PROPERTY-COMMERCIAL PROPERTY MARKET |
| 650 24 - SUBJECT ADDED ENTRY--TOPICAL TERM | |
| Topical term or geographic name entry element | PROPERTY-COMMERCIAL PROPERTY-COMMERCIAL PROPERTY FINANCE AND INVESTMENT |
| 651 #4 - SUBJECT ADDED ENTRY--GEOGRAPHIC NAME | |
| Geographic name | Merseyside |
| 942 ## - ADDED ENTRY ELEMENTS (KOHA) | |
| Suppress in OPAC | 0 |
| Withdrawn status | Lost status | Source of classification or shelving scheme | Damaged status | Not for loan | Home library | Current library | Shelving location | Date acquired | Total Checkouts | Full call number | Barcode | Date last seen | Copy number | Price effective from | Koha item type |
|---|---|---|---|---|---|---|---|---|---|---|---|---|---|---|---|
| Dewey Decimal Classification | London | London | Journal article | 18/10/2011 | L154136 | 154136-1001 | 06/08/2019 | 1 | 06/08/2019 | Journal article |